Carregant...
Mahabharatham suyodhanaparvam
| Autor principal: | |
|---|---|
| Format: | Printed Book |
| Publicat: |
Trivandrum
Chintha publications
2014
|
| Matèries: |
| LEADER | 00545nam a22001697a 4500 | ||
|---|---|---|---|
| 020 | |a 978938501824404 | ||
| 082 | |a M3 |b VIJ/M | ||
| 100 | |a Vijayan P K | ||
| 245 | |a Mahabharatham suyodhanaparvam | ||
| 260 | |a Trivandrum |b Chintha publications |c 2014 | ||
| 300 | |a 503p. | ||
| 650 | |a Novel Malayalam | ||
| 650 | |a Literature Malayalam | ||
| 650 | |a Literature | ||
| 942 | |c BK | ||
| 999 | |c 54232 |d 54232 | ||
| 952 | |0 0 |1 0 |4 0 |6 M_3_000000000000000_VIJ_M |7 0 |9 78067 |a SSUS |b SSUS |c STACKS |d 2015-07-02 |g 450.00 |l 11 |m 1 |o M3 VIJ/M |p 077258 |r 2019-08-19 |s 2019-08-03 |w 2015-07-02 |y BK | ||